| 000 | 00442nam a22001697a 4500 | ||
|---|---|---|---|
| 003 | OSt | ||
| 005 | 20260123061153.0 | ||
| 008 | 260123b |||||||| |||| 00| 0 eng d | ||
| 020 | _a978-0-316-12361-7 | ||
| 040 |
_aDWCL-Main Lib _cOC |
||
| 082 | _aFic. L917g 2011 | ||
| 100 | _aLowell, Sophia | ||
| 245 | _aGlee foreign exchange: an original novel | ||
| 260 |
_aNew York: _bpoppy, _cc2011. |
||
| 300 |
_a245 p.: _c21 cm. |
||
| 942 |
_2ddc _cFIC. _n0 |
||
| 999 |
_c7747 _d7747 |
||